000 00447nam a2200145 i 4500
001 63198
003 ES-MaACL
007 t|
008 031202s1975 sp ||||1| spa d
100 1 _aFerrando Badía, Juan.
_950287
245 1 0 _aTeoría de la instauración monárquica en España /
_cJuan Ferrando Badía.
260 _aMadrid :
_bInstituto de Estudios Políticos,
_c1975.
300 _a330 p. ;
_c21 cm.
852 _aES-MaACL
_jE-8894
_bR.93140
999 _c63198
_d63198